| Tag |
First Indicator |
Second Indicator |
Subfields |
| LEADER |
00000cam a2200000 a 4500 |
| 001 |
in00000069378 |
| 005 |
20151008053344.0 |
| 008 |
811026s1982 nyuab b 00100 eng |
| 010 |
|
|
|a 81018407
|
| 020 |
|
|
|a 0826133002
|
| 020 |
|
|
|a 0826133010 (pbk.)
|
| 035 |
|
|
|a (OCoLC)07948630
|
| 035 |
|
|
|9 AAH7151AM
|
| 040 |
|
|
|a DLC
|c DLC
|d VET
|d TXA
|d UtOrBLW
|
| 043 |
|
|
|a n-us-ct
|
| 049 |
|
|
|a TXAM
|c [933519]
|
| 050 |
0 |
0 |
|a RA564.8
|b C654
|
| 082 |
0 |
|
|a 362.1/9897/009746
|2 19
|
| 096 |
|
|
|a WT 30 C778 1982
|
| 245 |
0 |
0 |
|a Coordinating community services for the elderly :
|b the triage experience /
|c Joan Quinn [and others] editors ; foreword by Claude Pepper.
|
| 264 |
|
1 |
|a New York :
|b Springer Pub. Co.,
|c [1982]
|
| 264 |
|
4 |
|c ©1982
|
| 300 |
|
|
|a xvi, 125 pages :
|b illustrations, map ;
|c 24 cm.
|
| 336 |
|
|
|a text
|b txt
|2 rdacontent
|
| 337 |
|
|
|a unmediated
|b n
|2 rdamedia
|
| 338 |
|
|
|a volume
|b nc
|2 rdacarrier
|
| 500 |
|
|
|a Includes index.
|
| 504 |
|
|
|a Bibliography: pages 115-117.
|
| 610 |
2 |
0 |
|a Triage, Inc.
|
| 650 |
|
0 |
|a Community health services for older people.
|
| 650 |
|
0 |
|a Community health services for older people
|z Connecticut.
|
| 650 |
|
2 |
|a Community Health Services.
|
| 700 |
1 |
|
|a Quinn, Joan.
|
| 999 |
|
|
|a MARS
|
| 999 |
f |
f |
|s 812512b4-8e09-3c76-b6bb-2a360349cf4c
|i f59e8ece-238c-3085-847b-8ac8b31deb65
|t 0
|
| 952 |
f |
f |
|p ric
|a Texas A&M University
|b Rellis Campus
|c Joint Library Facility
|d Remote Storage
|t 0
|e RA564.8 C654
|h Library of Congress classification
|i unmediated -- volume
|m A14806048671
|
| 998 |
f |
f |
|a RA564.8 C654
|t 0
|l Remote Storage
|